बच्चो को बनाये विजेता/ (Record no. 199235)

MARC details
000 -LEADER
fixed length control field 00838nam a22001937a 4500
005 - DATE AND TIME OF LATEST TRANSACTION
control field 20231206115959.0
010 ## - LCCN (DPL NO)
LC control number HIN-126398
020 ## - INTERNATIONAL STANDARD BOOK NUMBER
International Standard Book Number 9789383278404
Terms of availability 395.00
035 ## - SYSTEM CONTROL NUMBER
System control number HN-98744
037 ## - SOURCE OF ACQUISITION
Source of stock number/acquisition DBAD/PUB.
082 ## - DEWEY DECIMAL CLASSIFICATION NUMBER
Classification number 641.1
100 ## - MAIN ENTRY--PERSONAL NAME
Personal name पाण्डेय,आर
245 ## - TITLE STATEMENT
Title बच्चो को बनाये विजेता/
Statement of responsibility, etc आर पाण्डेय
250 ## - EDITION STATEMENT
Edition statement 1
260 ## - PUBLICATION, DISTRIBUTION, ETC. (IMPRINT)
Name of publisher, distributor, etc बुक ट्री पब्लिशिंग हाउस
Date of publication, distribution, etc 2021
Place of publication, distribution, etc दिल्ली
270 ## - ADDRESS
Address आत्माराम बिल्डिंग 1376 ग्राउंड फ्लोर कश्मीरी गेट
City दिल्ली
Postal code 110006
300 ## - PHYSICAL DESCRIPTION
Extent 152 पृष्ट;
Dimensions 23 सेमी (सजिल्द)
942 ## - ADDED ENTRY ELEMENTS (KOHA)
Institution code [OBSOLETE] DPL
Item type Hindi Books
Source of classification or shelving scheme Dewey Decimal Classification
Classification part 649.1
Call number suffix पाण्डेय
Holdings
Withdrawn status Lost status Not for loan Collection code Home library Current library Date acquired Source of acquisition Cost, normal purchase price Full call number Barcode Copy number Cost, replacement price Koha item type
      Non-fiction Vinoba Puri Vinoba Puri 28/11/2023 DBAD/PUB 395.00 649.1 पाण्डेय HN-98744 1 395.00 Hindi Books

© Delhi Public Library
Hit Counter
free hit counter